1074 1988 1733 1762 1451 1537 1238 1107 1146 1068 1194 1744 1448 1347 1927 1397 1480 1195 1724 1618 1610 1026 1539 1492 1422 1013 1817 1388 1377 1419 1492 1304 1202 1184 1456 1101 1956 1916 1262 1180 1968 1300 1952 1048 1424 1632 1285 1887 1435 1413 1873 1959 1642 1323 1281 1588 1698 1033 1576 1979 1550 1916 1546 1322 1874 1873 1248 1573 1705 1794 1399 1234 1269 1747 1349 1846 1335 1734 1564 1864 1790 1182 1568 1929 1652 1257 1103 1148 1758 1218 1621 1005 1826 1838 1795 1827 1438 1623 1765 BCNSPRNW ULIB Ver.6.0+V

เปลี่ยนเป็นภาษาไทย

Change to English
 แสดงรายละเอียดบรรณานุกรม
  กลับหน้าหลัก

Brief Record : Get Marc (ISO 2709) : E-mail record : QR code < ปิดหน้าต่าง
LEADER : 00000nam 2200000uu 4500
001    13399119961
003     ULIB
008    120817s2551||||th 000 0 tha d
020    ^a9789741109845
060 04 ^aWB100^bส253N 2551
245 00 ^aNew knowledge in internal medicine :^bfor better care inthe next decade /^cบรรณาธิการ, สมนึก สังฆานุภาพ, วสันต์ สุเมธกุล
246 13 ^aRamathibodi Clinical Medicine Update 2008 New knowledge ininternal medicine :^bfor better care in the next decade
260    ^aกรุงเทพฯ :^bภาควิชาอายุรศาสตร์คณะแพทยศาสตร์โรงพยาบาลรามาธิบดี มหาวิทยาลัยมหิดล,^c[2551]
300    ^a346 หน้า :^bภาพประกอบ ;^c30 ซม.
500    ^aชื่อเรื่องจากหน้าปกใน: Ramathibodi Clinical MedicineUpdate 2008 New knowledge in internal medicine : for better care in the next decade
650  7 ^aอายุรศาสตร์
700 0  ^aสมนึก สังฆานุภาพ,^eบรรณาธิการ
700 0  ^aวสันต์ สุเมธกุล,^eบรรณาธิการ
710 2  ^aมหาวิทยาลัยมหิดล. ^bคณะแพทยศาสตร์ศิริราชพยาบาล.^bภาควิชาอายุรศาสตร์
945    ^p500^l0^i15103
995    ^aกัณชพร
999 ^a ใช้งานได้ทุกระบบ
รายการนี้ยังไม่มีแท็ก
คุณยังไม่ได้ล็อกอิน คุณสามารถมีกิจกรรมร่วมกับเว็บไซต์ได้ แต่ต้องล็อกอินก่อน ::
  ล็อกอิน

รายการสื่อสารสนเทศ

ลำดับที่ ประเภท เลขเรียก/บาร์โค้ด สถานที่ สถานะ
1. วิทยาศาสตร์การแพทย์ และสุขภาพ
วิทยาศาสตร์การแพทย์ และสุขภาพ
WB100 ส253N 2551  
  Barcode: 15103
ห้องสมุดวิทยาเขตสวรรค์ประชารักษ์
►ส่วนจัดเก็บหนังสือเก่า สปร
บนชั้น
  ขอยืม

รายการใกล้เคียง
    หัวเรื่อง [อายุรศาสตร์]

BibComment


ยังไม่เคยถูกคอมเมนท์

คอมเมนท์ทรัพยากรรายการนี้
  คอมเมนท์: New knowledge in..


 Copyright 2026. Bcnsprnw @Library